Detalles MARC
| 000 -CABECERA |
| campo de control de longitud fija |
01097nam a2200325 i 4500 |
| 001 - NÚMERO DE CONTROL |
| campo de control |
000032085 |
| 003 - IDENTIFICADOR DEL NÚMERO DE CONTROL |
| campo de control |
DO-SdBNP |
| 005 - FECHA Y HORA DE LA ÚLTIMA TRANSACCIÓN |
| campo de control |
20240305135410.0 |
| 007 - CAMPO FIJO DE DESCRIPCIÓN FÍSICA--INFORMACIÓN GENERAL |
| campo de control de longitud fija |
ta |
| 008 - DATOS DE LONGITUD FIJA--INFORMACIÓN GENERAL |
| campo de control de longitud fija |
110712s2002 dr 000 f spa d |
| 020 ## - NÚMERO INTERNACIONAL ESTÁNDAR DEL LIBRO |
| Número Internacional Estándar del Libro |
9580469725 |
| 040 ## - FUENTE DE LA CATALOGACIÓN |
| Centro catalogador/agencia de origen |
DO-SdBNP |
| Lengua de catalogación |
spa |
| Centro/agencia transcriptor |
BNPHU |
| Normas de descripción |
rda |
| 049 ## - FONDOS LOCALES (OCLC) |
| Fondos de biblioteca |
BNPD |
| 082 #4 - NÚMERO DE LA CLASIFICACIÓN DECIMAL DEWEY |
| Número de documento/Ítem |
G216c |
| Número de edición |
22 |
| 100 1# - ENTRADA PRINCIPAL--NOMBRE DE PERSONA |
| Nombre de persona |
García Márquez, Gabriel, |
| Numeración |
1928-2014 |
| Fechas asociadas al nombre |
1928- |
| Término indicativo de función/relación |
autor |
| 9 (RLIN) |
1804 |
| 245 10 - MENCIÓN DE TÍTULO |
| Título |
Crónica de una muerte anunciada / |
| Mención de responsabilidad, etc. |
Gabriel García Márquez ; editor, Iván Hernández Arbeláez ; ilustración, Miguel Cárdenas |
| 250 ## - MENCIÓN DE EDICIÓN |
| Mención de edición |
3a ed. |
| 264 #4 - PRODUCCIÓN, PUBLICACIÓN, DISTRIBUCIÓN, FABRICACIÓN Y COPYRIGHT |
| Producción, publicación, distribución, fabricación y copyright |
Colombia : |
| Nombre del de productor, editor, distribuidor, fabricante |
Norma, |
| Fecha de producción, publicación, distribución, fabricación o copyright |
2002. |
| 300 ## - DESCRIPCIÓN FÍSICA |
| Extensión |
88 páginas ; |
| Dimensiones |
21 cm. |
| 336 ## - TIPO DE CONTENIDO |
| Fuente |
rdacontent |
| Término de tipo de contenido |
texto |
| Código de tipo de contenido |
txt |
| 337 ## - TIPO DE MEDIO |
| Fuente |
rdamedia |
| Nombre/término del tipo de medio |
sin mediación |
| Código del tipo de medio |
n |
| 338 ## - TIPO DE SOPORTE |
| Fuente |
rdacarrier |
| Nombre/término del tipo de soporte |
volumen |
| Código del tipo de soporte |
nc |
| 501 ## - NOTA DE "CON" |
| Nota de “Con” |
Publicado CON ; Gabriel García Márquez y su obra |
| 563 ## - NOTA DE ENCUADERNACIÓN |
| Nota de encuadernación |
Dos encuadernadas juntas con paginación invertida |
| 590 ## - NOTA LOCAL (RLIN) |
| Nota local |
Inventariado, 203/BT |
| 700 1# - PUNTO DE ACCESO ADICIONAL--NOMBRE DE PERSONA |
| Nombre de persona |
Hernández Arbeláez, Iván, |
| Término indicativo de función/relación |
editor |
| 9 (RLIN) |
83865 |
| 700 1# - PUNTO DE ACCESO ADICIONAL--NOMBRE DE PERSONA |
| Nombre de persona |
Cárdenas, Miguel, |
| Término indicativo de función/relación |
ilustración |
| 9 (RLIN) |
83866 |
| 910 ## - DATOS DE OPCIÓN DEL USUARIO (OCLC) |
| Datos de opción del usuario |
Btavárez |
| 942 ## - ELEMENTOS DE PUNTO DE ACCESO ADICIONAL (KOHA) |
| Fuente del sistema de clasificación o colocación |
Dewey Decimal Classification |
| Tipo de ítem Koha |
Libro |